[Event "RUS-chT U20"]
[Site "Kolomna"]
[Date "2014.08.08"]
[Round "7"]
[White "Rodionova, Polina"]
[Black "Arkhipov, Vladislav"]
[Result "1-0"]
[WhiteElo "2138"]
[BlackElo "1765"]
[PlyCount "89"]
[EventDate "2014.08.02"]
[EventType "swiss"]
[EventRounds "9"]
[EventCountry "RUS"]
[SourceTitle "EXT 2016"]
[Source "ChessBase"]
[SourceDate "2015.10.08"]
[SourceVersion "1"]
[SourceVersionDate "2015.10.08"]
[SourceQuality "1"]

1. e4 e5 2. Nf3 Nc6 3. Bb5 a6 4. Ba4 Nf6 5. 0-0 Be7 6. Re1 b5 7. Bb3 d6 8. c3 0-0 9. h3 Na5 10. Bc2 c5 11. d4 Qc7 12. Nbd2 cxd4 13. cxd4 Nc6 14. d5 Nb4 15. Bb1 a5 16. Nf1 Ne8 17. Ng3 g6 18. Bh6 Ng7 19. Qd2 Bd7 20. Rc1 Qb6 21. a3 Na6 22. b4 axb4 23. axb4 Rfc8 24. Rxc8+ Rxc8 25. Bd3 Nc7 26. Be3 Qb8 27. Nh2 Na8 28. Ra6 f5 29. exf5 gxf5 30. Bg5 Nc7 31. Ra3 Bf8 32. Bh6 e4 33. Be2 Qb7 34. Qg5 Qxd5 35. Nh5 Nce8 36. Rg3 Qf7 37. Nxg7 Nxg7 38. Bh5 Qc4 39. Nf1 Qd4 40. Ne3 Rc7 41. Kh2 Qa1 42. Nd1 f4 43. Qxf4 Rc1 44. Qf7+ Kh8 45. Qxf8# 1-0

[Event "RUS-chT U20"]
[Site "Kolomna"]
[Date "2014.08.07"]
[Round "6"]
[White "Chibukhchyan, Erik"]
[Black "Arkhipov, Vladislav"]
[Result "1/2-1/2"]
[WhiteElo "1694"]
[BlackElo "1765"]
[PlyCount "80"]
[EventDate "2014.08.02"]
[EventType "swiss"]
[EventRounds "9"]
[EventCountry "RUS"]
[SourceTitle "EXT 2016"]
[Source "ChessBase"]
[SourceDate "2015.10.08"]
[SourceVersion "1"]
[SourceVersionDate "2015.10.08"]
[SourceQuality "1"]

1. e4 e5 2. Nf3 Nc6 3. Bb5 a6 4. Ba4 Nf6 5. 0-0 Be7 6. d3 d6 7. c4 0-0 8. Be3 Ng4 9. h3 Nxe3 10. fxe3 f5 11. Nc3 Qe8 12. Nd5 fxe4 13. dxe4 Bd8 14. Nd2 Be6 15. Qe2 Rb8 16. Rxf8+ Qxf8 17. Rf1 Qe8 18. Nb1 Qd7 19. Nbc3 Be7 20. Qf3 Rf8 21. Nxe7+ Qxe7 22. Qxf8+ Qxf8 23. Rxf8+ Kxf8 24. Bxc6 bxc6 25. b3 Ke7 26. Kf2 Bf7 27. g4 g6 28. g5 Be6 29. h4 Kf7 30. Ke2 Ke7 31. Kd2 Kd7 32. Kc2 Kc8 33. Kb2 Kb7 34. Ka3 Kb6 35. Na4+ Kb7 36. Kb4 Bg4 37. Ka5 Bf3 38. Nc3 Bg2 39. a3 Bf1 40. Nb1 Bd3 1/2-1/2

[Event "RUS-chT U20"]
[Site "Kolomna"]
[Date "2014.08.02"]
[Round "1"]
[White "Gevondian, Arman"]
[Black "Arkhipov, Vladislav"]
[Result "1-0"]
[WhiteElo "1936"]
[BlackElo "1765"]
[PlyCount "59"]
[EventDate "2014.08.02"]
[EventType "swiss"]
[EventRounds "9"]
[EventCountry "RUS"]
[SourceTitle "EXT 2016"]
[Source "ChessBase"]
[SourceDate "2015.10.08"]
[SourceVersion "1"]
[SourceVersionDate "2015.10.08"]
[SourceQuality "1"]

1. d4 d5 2. c4 dxc4 3. e3 e6 4. Bxc4 Nf6 5. Nf3 c5 6. 0-0 a6 7. a4 b6 8. Qe2 Bb7 9. Rd1 Qc7 10. Nc3 Nbd7 11. d5 exd5 12. Nxd5 Nxd5 13. Bxd5 Bxd5 14. Rxd5 Be7 15. b3 Bf6 16. Ra2 0-0 17. Rad2 Rfd8 18. e4 Ne5 19. Nxe5 Bxe5 20. Qxa6 Bxh2+ 21. Kh1 Be5 22. Rd7 Rf8 23. Rxc7 Rxa6 24. Rc6 f5 25. Rd5 Bd4 26. e5 Bxf2 27. Rd7 Bd4 28. Bf4 Re8 29. Rcc7 b5 30. Rxg7+ 1-0

[Event "Murmansk Basamro 2nd"]
[Site "Murmansk"]
[Date "2014.05.18"]
[Round "3.3"]
[White "Den Hartog, Marijn"]
[Black "Arkhipov, Vladislav"]
[Result "1-0"]
[WhiteElo "2034"]
[BlackElo "1750"]
[PlyCount "89"]
[EventDate "2014.05.17"]
[EventType "team-tourn"]
[EventRounds "3"]
[EventCountry "RUS"]
[SourceTitle "EXT 2023"]
[Source "ChessBase"]
[SourceDate "2022.10.05"]
[SourceVersion "1"]
[SourceVersionDate "2022.10.05"]
[SourceQuality "1"]

1. e4 e5 2. Nf3 Nc6 3. Bb5 a6 4. Ba4 Nf6 5. 0-0 Be7 6. d3 d6 7. c3 0-0 8. Re1 Re8 9. Nbd2 Bf8 10. Nf1 b5 11. Bb3 d5 12. Bg5 dxe4 13. dxe4 Qxd1 14. Raxd1 Na5 15. Bc2 Nc4 16. b3 Nb6 17. Bxf6 gxf6 18. Nh4 Be6 19. Nf5 Bxf5 20. exf5 Rad8 21. Be4 Rd6 22. Rxd6 cxd6 23. Bb7 a5 24. Ne3 Rb8 25. Ba6 b4 26. c4 Be7 27. Rd1 Kf8 28. Bb5 Rc8 29. Ba6 Rb8 30. Kf1 Nd7 31. f3 Nc5 32. Bb5 Rc8 33. Ke2 Rc7 34. Rd5 Rc8 35. Kf2 Rb8 36. Kg3 Kg7 37. Rd1 Rc8 38. Kh4 Kf8 39. Kh5 Kg7 40. h4 Kg8 41. Nd5 Bd8 42. g4 e4 43. fxe4 Nxe4 44. Re1 Nc5 45. Kh6 1-0

[Event "IECC M email"]
[Site "IECC email"]
[Date "2001.04.10"]
[Round "?"]
[White "Arkhipov, Vladislav"]
[Black "Coyne, David W"]
[Result "1/2-1/2"]
[WhiteElo "1846"]
[BlackElo "1752"]
[PlyCount "35"]
[EventDate "2001.??.??"]
[EventType "tourn (corr)"]
[EventRounds "6"]
[SourceTitle "Corr 2008"]
[Source "ChessBase"]
[SourceDate "2008.06.24"]
[SourceVersion "1"]
[SourceVersionDate "2008.06.24"]
[SourceQuality "1"]

1. d4 d5 2. c4 e6 3. Nc3 c6 4. Nf3 dxc4 5. a4 Bb4 6. e3 b5 7. Bd2 Nf6 8. axb5 Bxc3 9. Bxc3 cxb5 10. b3 Nc6 11. bxc4 bxc4 12. Bxc4 0-0 13. 0-0 a5 14. Qe2 Bb7 15. Rfb1 Qc7 16. Ra4 Rfc8 17. Ng5 Nb4 18. Bxb4 1/2-1/2

[Event "IECC KO email"]
[Site "IECC email"]
[Date "2001.03.27"]
[Round "?"]
[White "Ventimiglia, Charles"]
[Black "Arkhipov, Vladislav"]
[Result "1-0"]
[WhiteElo "2008"]
[BlackElo "1821"]
[PlyCount "43"]
[EventDate "2001.??.??"]
[EventType "tourn (corr)"]
[EventRounds "6"]
[SourceTitle "Corr 2008"]
[Source "ChessBase"]
[SourceDate "2008.06.24"]
[SourceVersion "1"]
[SourceVersionDate "2008.06.24"]
[SourceQuality "1"]

1. e4 c5 2. Nf3 d6 3. d4 cxd4 4. Nxd4 Nf6 5. Nc3 a6 6. Be3 e6 7. a4 Nc6 8. Nb3 d5 9. exd5 exd5 10. Bd3 Bd6 11. Bg5 Be6 12. 0-0 h6 13. Bh4 0-0 14. f4 Re8 15. Qf3 Bb4 16. f5 Bxc3 17. fxe6 Bxb2 18. exf7+ Kxf7 19. Rab1 Be5 20. Nc5 Bd4+ 21. Kh1 b5 22. axb5 1-0

[Event "IECC O email"]
[Site "IECC email"]
[Date "2001.03.26"]
[Round "?"]
[White "Michaud, Manju"]
[Black "Arkhipov, Vladislav"]
[Result "0-1"]
[WhiteElo "1894"]
[BlackElo "1800"]
[PlyCount "70"]
[EventDate "2001.??.??"]
[EventType "tourn (corr)"]
[EventRounds "6"]
[SourceTitle "Corr 2008"]
[Source "ChessBase"]
[SourceDate "2008.06.24"]
[SourceVersion "1"]
[SourceVersionDate "2008.06.24"]
[SourceQuality "1"]

1. c4 Nf6 2. Nc3 e5 3. g3 d5 4. cxd5 Nxd5 5. Bg2 Nb6 6. Nf3 Nc6 7. 0-0 Be7 8. a3 0-0 9. d3 Be6 10. b4 a5 11. b5 Nd4 12. e3 Nb3 13. Rb1 Nxc1 14. Qxc1 Qxd3 15. Nxe5 Qd6 16. f4 f6 17. f5 Bxf5 18. Nc4 Nxc4 19. Rxf5 Nxa3 20. Rd5 Qe6 21. Rd4 Kh8 22. Re4 Qf7 23. Ra1 Nc4 24. Nd5 Qxd5 25. Rxc4 Qxb5 26. Rxc7 Bb4 27. Rxb7 Qe5 28. Rxb4 Rac8 29. Re4 Rxc1+ 30. Rxc1 Qb2 31. Rcc4 Qd2 32. Re7 a4 33. Rcc7 a3 34. Rxg7 Qe1+ 35. Bf1 Qxe3+ 0-1

[Event "IECC CL6-2000.29"]
[Site "IECC email"]
[Date "2000.09.01"]
[Round "?"]
[White "Agnew, George Hartwell"]
[Black "Arkhipov, Vladislav"]
[Result "0-1"]
[WhiteElo "1305"]
[BlackElo "1227"]
[PlyCount "46"]
[EventDate "2000.??.??"]
[EventType "tourn (corr)"]
[EventRounds "4"]
[SourceTitle "Corr 2008"]
[Source "ChessBase"]
[SourceDate "2008.06.24"]
[SourceVersion "1"]
[SourceVersionDate "2008.06.24"]
[SourceQuality "1"]

1. e4 c5 2. Nf3 d6 3. d4 cxd4 4. Nxd4 Nf6 5. Nc3 g6 6. Be3 Bg7 7. f3 Nc6 8. Nxc6 bxc6 9. Qd2 Rb8 10. Rb1 Qa5 11. Bc4 Nd7 12. 0-0 Rxb2 13. Rxb2 Bxc3 14. Qc1 Nb6 15. Bxb6 axb6 16. Rb3 Qc5+ 17. Rf2 Bd4 18. Qd2 Qxc4 19. Rb4 Bxf2+ 20. Kxf2 Qc5+ 21. Kf1 Ba6+ 22. c4 Bxc4+ 23. Ke1 Qg1# 0-1